| Tag |
First Indicator |
Second Indicator |
Subfields |
| LEADER |
00000nam a2200000Ia 4500 |
| 001 |
in00004201220 |
| 005 |
20200806085832.0 |
| 006 |
m g d |
| 007 |
cr bn |||a|bb| |
| 008 |
050929s1622 enk o 000 0 eng d |
| 035 |
|
|
|a (OCoLC)61741914
|
| 040 |
|
|
|a UMI
|c UMI
|
| 037 |
|
|
|a CL2105000002
|b ProQuest Information and Learning 300 N. Zeeb Rd., Ann Arbor, MI 48103-1553
|
| 043 |
|
|
|a e-uk---
|
| 090 |
|
|
|a PR2283.H8
|b .H3 1622
|
| 049 |
|
|
|a UMIA
|
| 100 |
1 |
|
|a Hannay, Patrick,
|d d. 1629?
|
| 245 |
1 |
2 |
|a A happy husband: or, Directions for a maide to chuse her mate. :
|b Together with A wives behaviour after mariage. /
|c By Patrick Hannay, Gent.
|
| 246 |
3 |
0 |
|a Directions for a maide to choose her mate
|
| 250 |
|
|
|a The second edition.
|
| 260 |
|
|
|a London, :
|b Printed by Iohn Haviland for Nathaniel Butter and are to be sold at his shop at S. Austins gate.,
|c 1622.
|
| 300 |
|
|
|a 1 online resource ([1]+ leaves.
|
| 336 |
|
|
|a text
|b txt
|2 rdacontent
|
| 337 |
|
|
|a computer
|b c
|2 rdamedia
|
| 338 |
|
|
|a online resource
|b cr
|2 rdacarrier
|
| 500 |
|
|
|a Imperfect: faded print; fragment, t.p. only.
|
| 500 |
|
|
|a Reproduction of original in the British Library.
|
| 533 |
|
|
|a Electronic reproduction.
|b Ann Arbor, Mich. :
|c UMI,
|d 1999-
|f (Early English books online)
|n Digital version of: (Early English books; Tract supplement ; E4:1[233c])
|7 s1999 miun s
|
| 655 |
|
0 |
|a Title pages
|z England
|y 17th century.
|
| 830 |
|
0 |
|a Early English books online.
|
| 856 |
4 |
0 |
|u http://proxy.library.tamu.edu/login?url=https://search.proquest.com/docview/2248531902
|z Connect to the full text of this electronic book
|t 0
|
| 994 |
|
|
|a 02
|b UMI
|
| 999 |
f |
f |
|s 4dc58f30-c286-3da6-ae7a-dd8df1a74041
|i 09beb3d3-65f7-345d-be4c-9248670890e4
|t 0
|
| 952 |
f |
f |
|a Texas A&M University
|b College Station
|c Electronic Resources
|d Available Online
|t 0
|e PR2283.H8 .H3 1622
|h Library of Congress classification
|
| 998 |
f |
f |
|a PR2283.H8 .H3 1622
|t 0
|l Available Online
|